| 000 | 00577nam a2200193Ia 4500 | ||
|---|---|---|---|
| 003 | OSt | ||
| 005 | 20250208095055.0 | ||
| 008 | 210210b1978 xxu||||| |||| 00| 0 eng d | ||
| 040 | _cAL | ||
| 041 | _aKannada | ||
| 082 | _aK894.1 SITT | ||
| 100 |
_aSITARAMAYYA (K M) _dಸೀತಾರಾಮಯ್ಯ (ಕೆ ಎಂ ) _9158159 |
||
| 245 |
_aTrojan Mahayuddha _bಟ್ರೋಜನ್ ಮಹಾಯುದ್ಧ |
||
| 260 |
_aBengaluru _bPrasaranga,Bengaluru Vishvavidyalaya _c1978 |
||
| 300 | _axii,203 | ||
| 690 |
_aKannada Poetry _9158160 |
||
| 906 | _a036236 | ||
| 942 |
_2ddc _cBK |
||
| 999 |
_c87106 _d87106 |
||